00721nam a22002417a 4500003000500000005001700005008004100022010000900063011000900072035000900081040000900090082001600099111008800115245001400203260005800217300001000275500001100285650004100296650005000337650003900387700003300426700002000459CHAP20220329133259.0971013s1990 r 10010 d a4238 a5210 a4417 cCHAP a331.063bS400aSeminario Negociación y Conflicto Laboral en México (d1990c: México, D. F.) aPonencias aMéxico, D. F. :bFundación Friedrich Ebert,c1990 a278 p aD53-7614aConflictos sociales internacionales.14aTrabajo y trabajadoresxCondiciones sociales.14aTrabajo y trabajadoresxCongresos.0 aBensusán Areous, Graciela.0 aLeón, Samuel.